000 00705nam a22002177a 4500
003 DO-SdBNP
005 20240307073943.0
007 ta
008 210920b 2017 dr 00| 0 eng d
020 _a9789945472776
040 _aDO-SdBNP
_bspa
_cBNPHU
082 4 _aBNPHU
110 2 _aInstituto Tecnológico de Santo Domingo
_978911
245 _aReglamento de propiedad intelectual del INTEC :
_baprobado en el consejo Consejo Académico mediante resolución No.20170117-03/09 /
_ccuidado de edición Fari Rosario
260 _aSanto Domingo :
_bINTEC,
_c2016.
300 _a64 p ;
_c22 cm.
590 _aInventariado, 2021/BT
700 1 _4Rosario ,Fari
_eed.
910 _aBtavárez
942 _2ddc
_cLBS1
999 _c50590
_d50590